| 000 | 00637nam a22001817a 4500 | ||
|---|---|---|---|
| 003 | OSt | ||
| 005 | 20251021012509.0 | ||
| 008 | 251021b |||||||| |||| 00| 0 eng d | ||
| 020 | _a0-06-109494-3 | ||
| 040 |
_aDWCl-Main lib _cOC |
||
| 082 | _aCirc. 291.4 D996 1999 | ||
| 100 | _aDyer, W. | ||
| 245 |
_aManifest your destiny : _bThe nine spiritual principles for getting everything you want _cDYER , DR. WAYNE W. |
||
| 260 |
_aNew York : _bHarper Paperbacks, _cc1999 |
||
| 300 |
_axvii, 217 pages : _c17 cm. |
||
| 650 | _2Success-religious | ||
| 942 |
_2ddc _cBK-CIRC _hCirc. 291.4 D996 1999 _kCirc. _n0 |
||
| 999 |
_c4943 _d4943 |
||